Medical plants of South Africa. --2nd ed. (Record no. 82858)

MARC details
000 -LEADER
fixed length control field 00990nam a2200229 a 4500
008 - FIXED-LENGTH DATA ELEMENTS--GENERAL INFORMATION
fixed length control field 130422s2009 ||||||||||||||||| || u
020 ## - INTERNATIONAL STANDARD BOOK NUMBER
International Standard Book Number 9781875093373
050 ## - LIBRARY OF CONGRESS CALL NUMBER
Classification number RS 182.S6 Van
100 ## - MAIN ENTRY--PERSONAL NAME
Personal name van Oudtshoorn, Bosch
245 10 - TITLE STATEMENT
Title Medical plants of South Africa. --2nd ed.
Statement of responsibility, etc. by Ben-Erik Van , Bosch Van Outshoorn , Nigel Gericke
250 ## - EDITION STATEMENT
Edition statement 2nd ed.
260 ## - PUBLICATION, DISTRIBUTION, ETC.
Place of publication, distribution, etc. Pretoria:
Name of publisher, distributor, etc. Briza Publications
Date of publication, distribution, etc. 2009
300 ## - PHYSICAL DESCRIPTION
Extent 336p. : ill.
650 ## - SUBJECT ADDED ENTRY--TOPICAL TERM
Topical term or geographic name entry element MATERIAL MEDICAL, VEGETABLE--SOUTH AFRICA
650 ## - SUBJECT ADDED ENTRY--TOPICAL TERM
Topical term or geographic name entry element PLANTS, MEDICAL
650 ## - SUBJECT ADDED ENTRY--TOPICAL TERM
Topical term or geographic name entry element HERBS--THERAPEUTIC USE
650 ## - SUBJECT ADDED ENTRY--TOPICAL TERM
Topical term or geographic name entry element MEDICINAL PLANTS--SOUTH AFRICA
700 ## - ADDED ENTRY--PERSONAL NAME
Personal name van Wyk, Ben-Erik
700 ## - ADDED ENTRY--PERSONAL NAME
Personal name Gericke, Nigel
995 ## -
-- MAIN LIBRARY OPEN ACCESS
-- 743782
-- CBU-MAIN LIBRARY (Kitwe)
-- RS 182.S6 Van
-- 2
-- AVAILABLE
-- May 31, 2013
-- 743782
-- Main Library Open Access Collection
995 ## -
-- ANNEX COLLECTION (Main Library)
-- 743781
-- CBU-MAIN LIBRARY (Kitwe)
-- RS 182.S6 Van
-- 1
-- AVAILABLE
-- May 31, 2013
-- 743781
-- Annex Low-Usage Collection
999 ## -
-- 82858
-- 82858
Holdings
Withdrawn status Lost status Source of classification or shelving scheme Damaged status Not for loan Permanent Location Current Location Shelving location Date acquired Total Checkouts Full call number Barcode Date last seen Date last checked out Copy number Price effective from Koha item type
          CBU-MAIN LIBRARY, KITWE. CBU-MAIN LIBRARY, KITWE.   09/29/2023 1 RS 182.S6 Van 743782 02/25/2025 02/12/2025 1 09/29/2023 MONOGRAPH
          CBU-MAIN LIBRARY, KITWE. CBU-MAIN LIBRARY, KITWE.   09/29/2023   RS 182.S6 Van 743781 09/29/2023   2 09/29/2023 MONOGRAPH